Musicians By Initial: The Letter - N - Statistics

General Stats
  • This quiz has been taken 186 times
  • The average score is 8 of 22
Answer Stats
Inits Clue Answer % Correct
NG Oasis guitarist. Noel Gallagher
89%
NY Canadian Rock legend. Albums include Harvest and After The Goldrush Neil Young
80%
NS Went to Jackson with Lee Hazelwood. Daughter of Frank. Nancy Sinatra
70%
ND Has had hits with Red Red Wine and Cracklin' Rosie Neil Diamond
68%
NJ Daughter of Ravi Shankar. Come Away With Me topped the Album charts in both the UK and the US. Norah Jones
63%
NF Canadian snger who topped the Billboard charts with Promiscuous & Say It Right Nelly Furtado
52%
NW Guitarist in American rock band Heart Nancy Wilson
46%
NC Birthday Party singer. Later did some Murder Ballads with the Bad Seeds Nick Cave
46%
NP Drummer for Canadian prog rockers Rush Neil Peart
44%
NT One half of the Pet Shop Boys Neil Tennant
41%
NK Male English pop singer of the 80's. Wouldn't It Be Nice Nik Kershaw
41%
NR Innovative guitarist best known for his work with Chic Nile Rodgers
41%
NH Frontman for 70's glam rockers Slade. Noddy Holder
36%
NM Drummer for Pink Floyd Nick Mason
33%
NL Stiff Records recording artiste. Did Cruel To Be Kind, So It Goes, Cracking Up. Nick Lowe
27%
NI Member of the Bonzo Dog Doodah Band, and creator of The Rutles. Neil Innes
21%
NE American actor/baritone singer. Star of 19 Hollywood musicals in the 30's & 40's. Nelson Eddy
14%
NA Egyptian/Belgian singer. She was vocalist for world-fusion act Transglobal Undergroud Natacha Atlas
6%
NN American singer whose comedy/novelty songs 'Transfusion' and 'Ape Call' charted in the US. Nervous Norvus
3%
NZ Yeah Yeah Yeahs Guitarist Nick Zinner
3%
NB Genius, National Treasure and Tranmere Rovers fan. HMHB's head honcho. Nigel Blackwell
3%
NO Presenter of BBC Radio 2's 'The Organist Entertains' from 1980-2012. Nigel Ogden
2%
No matching quizzes found
Score Distribution
Percent of People with Each Score
Percentile by Number Answered
Your Score History
You have not taken this quiz